[Event "GER M03-B email"]
[Site "GER email"]
[Date "2014.06.01"]
[Round "?"]
[White "Kloster, Svetlana"]
[Black "Brunsteins, Daniel Bernardo"]
[Result "1/2-1/2"]
[WhiteElo "2346"]
[BlackElo "2398"]
[PlyCount "47"]
[EventDate "2014.??.??"]
[EventType "tourn (corr)"]
[EventRounds "14"]
[EventCountry "GER"]
[SourceTitle "Corr 2017"]
[Source "ChessBase"]
[SourceDate "2017.09.19"]
[SourceVersion "1"]
[SourceVersionDate "2017.09.19"]
[SourceQuality "1"]

1. d4 d5 2. c4 c6 3. Nf3 Nf6 4. Nc3 e6 5. e3 Nbd7 6. Bd3 dxc4 7. Bxc4 b5 8. Bd3 Bb7 9. 0-0 a6 10. e4 c5 11. d5 Qc7 12. dxe6 fxe6 13. Bc2 c4 14. Nd4 Nc5 15. Qe2 Bd6 16. f4 e5 17. Nf5 0-0 18. Rd1 Nd3 19. Nxd6 Qxd6 20. Bxd3 cxd3 21. Rxd3 Qc7 22. fxe5 Qxe5 23. Be3 Rad8 24. Rxd8 1/2-1/2